Statistics for Jalen Hurts Quiz

Click here to take the quiz!

General Stats

  • This quiz has been taken 122 times
    (84 since last reset)
  • The average score is 12 of 15

Answer Stats

Answer% Correct
What Team is he onEagles
100%
What round was he selected in2
97%
When was his rookie season2020
96%
What College did he go to firstAlabama
96%
What college did he transfer toUniversity of Oklahoma
94%
did he ever win a heisman?no
88%
Who did He play in the Super Bowl (team)Chiefs
87%
What # super bowl was he in57
82%
What year was he born1998
81%
How much can he squat600
76%
Total Touchdowns in 2022-23 Season (Not Including Playoffs)35
75%
What pick # was he?53
75%
Who did he beat in the Divisional Round of his 3rd seasonGiants
75%
What QB was he benched forTua Tagovailoa
63%
Who returned his fumble for a touchdown in the Super BowlNick Bolton
49%

Score Distribution

Percentile by Number Answered

Percent of People with Each Score

Your Score History

You have not taken this quiz since the last reset